000 00502nam a2200145 4500
999 _c10317
_d10317
008 180822b ||||| |||| 00| 0 eng d
022 _a2094-8042
082 _aDPer 370.105 M72 Jan-Dec 2011 v59-60
100 _930415
_aVerceles, Heriberto A.
245 _aEducational leadership in an evolving social democracy/
_cHeriberto A. Verceles.
260 _aPhilippines:
_bIn the Grade School, Inc.,
_cc2011.
300 _av60 n2, pages 48+;
_c27cm.
650 0 _930416
_aLeadership.
942 _2ddc
_cPER